Arroz

Sábháilte in:
Sonraí bibleagrafaíochta
Príomhchruthaitheoir: Valdés Montero, Juan F (Údar)
Formáid: LEABHAR
Teanga:Spáinnis
Foilsithe / Cruthaithe: La Habana Ciencia y Técnica 1971
Ábhair:
Clibeanna: Cuir clib leis
Níl clibeanna ann, Bí ar an gcéad duine le clib a chur leis an taifead seo!

MARC

LEADER 00000nam a2200000 a 4500
001 UCR4497
003 CL-VaPUC
008 980313e19710000CU |||||||||||||||||spa|d
082 0 4 |a 633.18  |b VAL  |2 21 
100 0 |a Valdés Montero, Juan F  |e author  |9 404725 
245 1 0 |a Arroz 
300 |a 502 p 
942 |c BK 
945 |d 19980313 00:00:00  |a rleighto 
260 |a La Habana  |b Ciencia y Técnica  |c 1971 
650 0 |a Arroz   |9 364842 
650 0 |a Desarrollo vegetal  |9 338112 
650 0 |a Fisiología vegetal  |9 260158 
650 0 |a Medio ambiente  |9 257625 
650 0 |a Clima  |9 265281 
650 7 |a HUMEDAD  |2 CL-VaPUC  |9 259412 
650 7 |a TEMPERATURA  |2 CL-VaPUC  |9 404726 
650 0 |a Riego  |9 259685 
650 0 |a Fertilización   |9 259681 
650 0 |a Enfermedades  |9 263059 
583 |a last modification  |c 19980313 00:00:00  |k Rodrigo Vera 
999 |c 267438  |d 267436 
952 |0 0  |1 1  |2 ddc  |4 0  |6 633_180000000000000_VAL_1971  |7 0  |8 P  |9 299760  |a BIBAGR  |b BIBAGR  |d 2019-11-20  |i 3400220  |o 633.18 VAL 1971  |p 3400220  |r 2019-11-20  |w 2019-11-20  |y BK  |k AGR